000 00434nam a2200169Ia 4500
008 230524s9999 xx 000 0 und d
020 _a8120322290
082 _a621.3792
_bSCH
100 _aRobert J.Schoenbeck
245 0 _a"Electronic Communication, Modulation and Transmiss"
250 _a2ND
260 _aNEW DELHI
_bPHI
_c2004
300 _aXXIV;645
500 _aQuantity Number: 12
650 _aElectronics
942 _cBK
999 _c9022
_d9022